000 00644nam a2200265Ia 4500
005 20260306164533.0
008 008 260114s9999 xx 000 0 eng d
020 _a9780191743573
037 _aEBOOK
040 _aCRL
040 _beng
040 _cCRL
041 _2eng
041 _aeng
084 _qCRL
100 _aRuslan Mitkov
_91060911
245 4 _aThe Oxford Handbook Of Computational Linguistics
260 _bOxford University Press
260 _c2005
650 _aLinguistics
856 _uhttps://academic.oup.com/edited-volume/34563
942 _cEBOOK
999 _c1714425
_d1714425